000 00463cam a2200181 4500
001 D1211
008 090401t1894 xxu||||| |||| 00| 0 eng d
035 _a(Sirsi) u63067
041 _aeng
050 _a622.8026
100 _aBanks, George
245 2 _aA treatise on the law of support for land, buildings and public works
260 _aLondon
_bSweet and Maxwell
_c1894
300 _axix. 177p. 25cm
350 _a0.6
942 _n0
948 _c04/03/1997
999 _c94504
_d94504